| 000 | 00493pab a2200193 454500 | ||
|---|---|---|---|
| 008 | 180718b2010 xxu||||| |||| 00| 0 eng d | ||
| 100 | _aPadhi, Ranjana | ||
| 245 | _aHow many more arrests will Orissa see? | ||
| 260 | _c2010 | ||
| 300 | _ap.24-26. | ||
| 362 | _a6 Mar | ||
| 650 | _aProtest movements - India - Orissa | ||
| 650 | _aProtest movements | ||
| 700 | _aManjil, D. | ||
| 700 | _aPradhan, Prmodini | ||
| 773 | _aEconomic and Political Weekly | ||
| 908 | _aN | ||
| 909 | _a85659 | ||
| 999 |
_c85659 _d85659 |
||